The World of Pseudo-Christians: (Record no. 3955)

MARC details
000 -LEADER
fixed length control field 00459nam a22001697a 4500
003 - CONTROL NUMBER IDENTIFIER
control field GBCCL
005 - DATE AND TIME OF LATEST TRANSACTION
control field 20241126110507.0
008 - FIXED-LENGTH DATA ELEMENTS--GENERAL INFORMATION
fixed length control field 171219b xxu||||| |||| 00| 0 eng d
040 ## - CATALOGING SOURCE
Transcribing agency gbc
082 ## - DEWEY DECIMAL CLASSIFICATION NUMBER
Classification number 248
Item number CHI
100 ## - MAIN ENTRY--PERSONAL NAME
Personal name Chinkhenthang, H.
9 (RLIN) 7716
245 ## - TITLE STATEMENT
Title The World of Pseudo-Christians:
Remainder of title Sans the likeness of Jesus /
Statement of responsibility, etc. H. Chinkhenthang
250 ## - EDITION STATEMENT
Edition statement 2nd Ed.
260 ## - PUBLICATION, DISTRIBUTION, ETC.
Place of publication, distribution, etc. Shillong:
Name of publisher, distributor, etc. Author,
Date of publication, distribution, etc. 2011
300 ## - PHYSICAL DESCRIPTION
Extent 154 p.;
Dimensions 21 cm.
942 ## - ADDED ENTRY ELEMENTS (KOHA)
Source of classification or shelving scheme Dewey Decimal Classification
Koha item type Books
Koha issues (borrowed), all copies 1
Holdings
Withdrawn status Lost status Source of classification or shelving scheme Damaged status Not for loan Home library Current Library Shelving location Date acquired Total checkouts Full call number Barcode Date last seen Copy number Price effective from Koha item type Date last checked out
    Dewey Decimal Classification     GRACE BIBLE COLLEGE GRACE BIBLE COLLEGE Ministry & Mission 2017-12-19   248 CHI 014053 2025-05-01 c.1 2017-12-19 Books  
    Dewey Decimal Classification     GRACE BIBLE COLLEGE GRACE BIBLE COLLEGE Ministry & Mission 2017-12-19 1 248 CHI 014054 2025-05-01 c.2 2017-12-19 Books 2018-05-21
    Dewey Decimal Classification     GRACE BIBLE COLLEGE GRACE BIBLE COLLEGE Ministry & Mission 2023-11-07   248 CHI 020645 2025-05-01 c.3 2023-11-07 Books  
© Grace Bible College Library 2025